000 00442nam a2200157 i 4500
001 87757
003 ES-MaACL
005 20230906175732.0
007 t|
008 041223s1966 sp ||||1| spa d
100 1 _aLacalle, José María.
_969318
245 1 3 _aEl negocio de la exportación /
_cpor José Mª Lacalle.
260 _aBarcelona :
_bLa Polígrafa,
_c[1966]
300 _a476 p. ;
_c23 cm.
852 _aES-MaACL
_jC-29200
_bR.59541
999 _c87757
_d87757